| 000 | 00517nam a2200181Ia 4500 | ||
|---|---|---|---|
| 008 | 180921t1995 xxu||||| |||| 00| 0 sin d | ||
| 041 | _asin | ||
| 080 |
_a539 .1 _bVAR |
||
| 100 | _aVarnakulasuriya, Rasil | ||
| 245 | _aඇතන්ස් සිට හිරෝෂිමා දක්වා | ||
| 246 | _aFrom athans Hiroshima | ||
| 260 |
_bLearn Aid Ltd _aKolonnawa _c1995 |
||
| 300 | _a158p., ill., 22 cm | ||
| 650 |
_aPhysics _ad |
||
| 942 | _cBK | ||
| 999 |
_c15461 _d15461 |
||
| 003 | LK-CoDNM | ||
| 040 |
_aLK-CoDNM _dLK-CoDNM _eLK-CoDNM |
||